| 000 | 00645nam a2200229 i 4500 | ||
|---|---|---|---|
| 001 | 17803 | ||
| 003 | ES-MaACL | ||
| 005 | 20250316204104.0 | ||
| 007 | t| | ||
| 008 | 010529s2000 sp |||| |bspa d | ||
| 020 | _a84-406-9709-0 | ||
| 080 | _a821.112.2-31"19" | ||
| 100 | 0 |
_aMann, Thomas, _d1875-1955 _976055 |
|
| 245 | 1 | 4 |
_aLas historias de Jaacob / _cThomas Mann. |
| 250 | _a1ª ed. | ||
| 260 |
_aBarcelona : _bEdiciones B, _c2000. |
||
| 300 |
_a426 p. ; _c23 cm. |
||
| 490 | 1 |
_aJosé y sus hermanos ; _v1 |
|
| 830 | 0 |
_aJosé y sus hermanos ; _v1 _9184272 |
|
| 852 |
_aES-MaACL _jL-24716 |
||
| 999 |
_c17803 _d17803 |
||